The Love Quiz - Statistics

General Stats
  • This quiz has been taken 288 times
  • The average score is 5 of 15
Answer Stats
Hint Answer % Correct
Attraction to corpses Necrophilia
66%
Lover of books Bibliophile
65%
The study of ideas (life, the universe, everything) Philosophy
61%
Condition in which blood will not clot Hemophilia
57%
Donating money or time to a cause Philanthropy
52%
A symphony orchestra Philharmonic
49%
Brotherly love Philadelphia
36%
One who is attracted to foreign things or people Xenophile
28%
One who sleeps around Philanderer
24%
Lover of wine Oenophile
19%
A common, tropical houseplant known for its foliage Philodendron
18%
The study of languages Philology
15%
Love of things that are new or novel Neophilia
9%
A love potion Philter
5%
Lover of Greek culture Philhellene
2%
No matching quizzes found
Score Distribution
Percent of People with Each Score
Percentile by Number Answered
Your Score History
You have not taken this quiz